One-Syllable Cities by Clue - Statistics

General Stats
  • This quiz has been taken 157 times
  • The average score is 11 of 20
Answer Stats
Hint Answer % Correct
Site of a famous French film festival Cannes
94%
Capital of Belarus Minsk
91%
Capital of Western Australia Perth
90%
The Eternal City Rome
90%
City on the French Riviera Nice
85%
Home to the Samsung headquarters Seoul
84%
City in Ireland, and also a kind of tree Cork
76%
Shares its name with a type of hat Fez
64%
Formerly known as Aquae Sulis Bath
61%
Existed as the Free City of Danzig between WWI and WWII Gdansk
60%
Flemish city famous for Canals Bruges
53%
Known as the gateway to the Great Barrier Reef Cairns
48%
Birthplace of Beethoven Bonn
44%
City in Iran that starts with Q Qom
42%
Famous walled city York
42%
City known for its water crisis Flint
36%
Colorado ski town Vail
32%
Setting of the Twilight books Forks
19%
Montana mining town known as the "Richest Hill on Earth" Butte
18%
Home to the REI headquarters Kent
10%
No matching quizzes found
Score Distribution
Percent of People with Each Score
Percentile by Number Answered
Your Score History
You have not taken this quiz